000 00395 a2200157 4500
001 155547
040 _cEscola São Tomás de Aquino
100 _aNICOLA, José de
240 1 0 _aLíngua, literatura e produção de texto
_lpor
245 1 0 _aLíngua, literatura e produção de texto
300 _a456
362 0 _a2009
440 1 _aScipione
697 _aLíngua portuguesa
942 _cBK
999 _c155547
_d155547